Della seduzione (Record n. 67650)

Dettagli MARC
000 -LEADER
fixed length control field 01221nam a2200325Ia 4500
001 - CONTROL NUMBER
control field 4152
003 - CONTROL NUMBER IDENTIFIER
control field IT-RoPAU
008 - FIXED-LENGTH DATA ELEMENTS--GENERAL INFORMATION
fixed length control field 130308s9999 xx 000 0 und d
040 ## - CATALOGING SOURCE
Original cataloging agency IT-RoPAU
040 ## - CATALOGING SOURCE
Transcribing agency IT-RoPAU
041 ## - LANGUAGE CODE
Language code of text/sound track or separate title ITALIANO
999 ## - SYSTEM CONTROL NUMBERS (KOHA)
Koha Dewey Subclass [OBSOLETE] SI
100 ## - MAIN ENTRY--PERSONAL NAME
Personal name Baudrillard Jean
100 ## - MAIN ENTRY--PERSONAL NAME
Miscellaneous information Codice Aut. SPICS: 9442
240 ## - UNIFORM TITLE
Uniform title DE LA SEDUCTION
240 ## - UNIFORM TITLE
Miscellaneous information Codice Tit. Orig. Spics: 4128
245 ## - TITLE STATEMENT
Title Della seduzione
245 ## - TITLE STATEMENT
Remainder of title Della Seduzione
250 ## - EDITION STATEMENT
Edition statement 1a ed.
260 ## - PUBLICATION, DISTRIBUTION, ETC. (IMPRINT)
Place of publication, distribution, etc. BOLOGNA
260 ## - PUBLICATION, DISTRIBUTION, ETC. (IMPRINT)
Name of publisher, distributor, etc. Cappelli
260 ## - PUBLICATION, DISTRIBUTION, ETC. (IMPRINT)
Date of publication, distribution, etc. 1980 [1° Ed.:1980 - Ed.Ling.Originale:1979]
300 ## - PHYSICAL DESCRIPTION
Extent "264 p. (prefazione: no ; testo: 264)"
500 ## - GENERAL NOTE
General note Eclittica del Sesso Eterna ironia della Comunità pornografia Stereofonia seduzione Produzione Abissi Superficiali Orizzonte Sacro delle Apparenze simulazione incantata Morte a Samarkanda Effigie della Seduttrice Strategia Ironica del seduttore Paura di Essere Sedotti Destino Politico della seduzione passione della regola Duale Polare Digitale ludico e seduzione Fredda Olocausto Telepatico seduzione è Destino
650 ## - SUBJECT ADDED ENTRY--TOPICAL TERM
Topical term or geographic name as entry element SAGGI DI COMUNICAZIONE SOCIALE
650 ## - SUBJECT ADDED ENTRY--TOPICAL TERM
Relator term Codice materia Spics: 3807
942 ## - ADDED ENTRY ELEMENTS (KOHA)
Koha item type LIBRO
957 ## -
-- 1
999 ## - SYSTEM CONTROL NUMBERS (KOHA)
-- 1
Dati di copia
Withdrawn status Lost status Damaged status Not for loan Home library Current library Date acquired Total Checkouts Full call number Date last seen Price effective from Koha item type Public note
    Buone Condizioni Not For Loan SPICS-MEDIATECA SPICS-MEDIATECA 08/03/2013   4152 08/03/2013 08/03/2013 LIBRO Progressivo inserimento: 15776 / N. Volumi: 1 Copie: 1 Copia Rara: SI / data import: 1 marzo 2013 - By Epidotti, Trombetti, Vaglietti.
CREDITS: SOCIETA' SAN PAOLO Via A.Severo, 58 - ROMA (RM) & PERIODICI SAN PAOLO SRL Via Giotto, 36 MILANO & CISF Via Giotto, 36 MILANO & EDIZIONI SAN PAOLO SRL,  Piazza Soncino, 5 CINISELLO BALSAMO (MI) -- ITALY